StarCraft II Terran Units by Portrait - Statistics

General Stats
  • This quiz has been taken 8 times
  • The average score is 27 of 41
Answer Stats
Picture Answer % Correct
Banshee
100%
Battlecruiser | Loki
100%
Ghost
100%
Marine
100%
Medivac
100%
SCV
100%
Siege Tank
100%
Vulture
100%
Cyclone
80%
Firebat
80%
Hellbat
80%
Hellion | Outback Hunter
80%
Liberator
80%
Marauder
80%
Medic | Field Response Theta
80%
MULE
80%
Raven
80%
Reaper | Death Head
80%
Thor | Blackhammer
80%
Viking
80%
Goliath
60%
HERC
60%
Science Vessel
60%
Spectre
60%
Widow Mine
60%
Wraith | Winged Nightmare
60%
A.R.E.S | Eradicator | Sentry Bot
40%
Devil Dog | Prometheus Company
40%
Diamondback
40%
Dusk Wing | Night Wolf
40%
Griffon | Valkyrie
40%
Hammer Security | Aegis Guard
40%
Hel's Angel | Sky Fury | Archangel
40%
Hercules
40%
Jackson's Revenge | Pride of Augustgrad
40%
Odin
40%
Predator
40%
Siege Breaker | Shock Division
40%
Spartan Company | Bulwark Company
40%
Warhound
40%
War Pig | Son of Korhal
40%
No matching quizzes found
Score Distribution
Percent of People with Each Score
Percentile by Number Answered
Your Score History
You have not taken this quiz